| 000 | 00901nam a22002417a 4500 | ||
|---|---|---|---|
| 999 |
_c1172 _d1172 |
||
| 003 | AR-CdUCM | ||
| 008 | 190226b ||||| |||| 00| 0 spa d | ||
| 040 |
_aMUNICIPALIDAD PROVINCIAL DEL CUSCO _cBIBLIOTECA MUNICIPAL DEL CUSCO |
||
| 082 |
_a940.2 / _bC68 |
||
| 100 |
_aClark, George _94600 |
||
| 245 | _aLa Europa moderna, 1450-1720 / | ||
| 260 |
_aMéxico : _b Fondo de Cultura Económica, _c1963. |
||
| 300 |
_a222 páginas ; _bMapas, _c17 cm. |
||
| 440 |
_aBreviarios del fondo de cultura _n169 _94601 |
||
| 500 | _aTitulo original: Early Modern Europe from about 1450 to about 1720 | ||
| 505 | _aLo nuevo y lo viejo en el siglo XV -- El sistema de Estados europeos -- La imprenta ... | ||
| 650 |
_aEuropa. _91221 |
||
| 650 |
_aImprenta. _9664 |
||
| 650 |
_aGuerras. _94602 |
||
| 700 |
_aGonzáles Aramburo, Francisco (traducción) _94603 |
||
| 942 |
_2ddc _cLIBROS |
||
| 945 |
_amvr _d2019-02-26 |
||